000 00486nam a2200181Ia 4500
001 10871
005 20260306161904.0
008 260306t2001||||xx |||||||||||||| ||spa||
041 _aESP
082 _a980
_bH59 V. 3 P. 2
100 _aCastillero Calvo, Alfredo
_eAUT
245 0 _aHistoria general de América Latina:
_bconsolidación del orden colonial
260 _c2001
300 _apáginas : 416-919
_c25 cm.
650 _aGEN
654 _aCHU
942 _cLIB
_dJUS
_fJUS
_2ddc
_n
999 _c10871
_d10871